| 000 | 00534nam a2200181Ia 4500 | ||
|---|---|---|---|
| 003 | GCL | ||
| 008 | 140319s9999 xx 000 0 ara d | ||
| 040 |
_aGCL / _cGCL |
||
| 082 | 0 | 4 |
_a613.95 _bع ج |
| 100 | 1 | _aعبدالحميد عبدالعزيز | |
| 245 | 1 | 0 |
_aالجنس والزواج: وموضوعات اخرى / _cعبدالحميد عبدالعزيز |
| 260 |
_a[S.N] : _bدار الفكر العربى ، _c1991 |
||
| 300 | _a127 ص | ||
| 490 | _a | ||
| 650 | 0 | 4 | _aالجنس |
| 650 | 0 | 4 | _aالزواج |
| 942 |
_2ddc _cBK |
||
| 999 |
_c55722 _d55722 |
||